| 000 | 00904nam a2200241Ia 4500 | ||
|---|---|---|---|
| 003 | GCL | ||
| 008 | 140319s9999 xx 000 0 ara d | ||
| 040 |
_aGCL / _cGCL |
||
| 082 | 0 | 4 |
_a541.042 _bص م |
| 100 | 1 | _aصلاح احمد سليمان | |
| 245 | 1 | 0 |
_aمقدمة فى الكيمياء الطبيعية للغازات والسوائل ومحاليلها / _cصلاح احمد سليمان |
| 700 | 1 | _aفكرى ابراهيم الشهاوى | |
| 250 | _aالاولى | ||
| 260 |
_aالقاهرة : _bمكتبة بستان المعرفة ، _c2004 |
||
| 300 |
_a284 ص ؛ _c24 سم |
||
| 650 | 0 | 4 | _aالديناميكا الحرارية |
| 650 | 0 | 4 | _aالعناصر الكميائية |
| 650 | 0 | 4 | _aالكيمياء - خصائص |
| 650 | 0 | 4 | _aكيمياء الغازات |
| 650 | 0 | 4 | _aالكيمياء الطبيعية |
| 650 | 0 | 4 | _aالمحاليل الكيميائية |
| 942 |
_2ddc _cBK |
||
| 999 |
_c6262 _d6262 |
||